Design and analysis of alogrithms / (Record no. 41293)
[ view plain ]
| 000 -LEADER | |
|---|---|
| fixed length control field | 00729nam a22002057a 4500 |
| 005 - DATE AND TIME OF LATEST TRANSACTION | |
| control field | 20100812122136.0 |
| 010 ## - LCCN (DPL NO) | |
| LC control number | ENG-100036 |
| 020 ## - INTERNATIONAL STANDARD BOOK NUMBER | |
| International Standard Book Number | 9789380024684 |
| Terms of availability | 80.00 |
| 035 ## - SYSTEM CONTROL NUMBER | |
| System control number | EN-83568 |
| 037 ## - SOURCE OF ACQUISITION | |
| Source of stock number/acquisition | DBAD/PUB |
| 082 ## - DEWEY DECIMAL CLASSIFICATION NUMBER | |
| Classification number | 005.1 |
| 100 ## - MAIN ENTRY--PERSONAL NAME | |
| Personal name | Valarmathi, R. |
| 245 ## - TITLE STATEMENT | |
| Title | Design and analysis of alogrithms / |
| Statement of responsibility, etc | by R. Valarmathi |
| 260 ## - PUBLICATION, DISTRIBUTION, ETC. (IMPRINT) | |
| Place of publication, distribution, etc | Erode |
| Name of publisher, distributor, etc | Pallavi Publications S. India |
| Date of publication, distribution, etc | 2009 |
| 270 ## - ADDRESS | |
| Address | 194, Kanna Complex, Methur Road |
| City | Erode |
| Postal code | 11 |
| 300 ## - PHYSICAL DESCRIPTION | |
| Extent | 104p.: |
| Other physical details | ill. |
| Dimensions | 20cm (pbk) |
| 650 ## - SUBJECT ADDED ENTRY--TOPICAL TERM | |
| Topical term or geographic name as entry element | Computer algorithms |
| 942 ## - ADDED ENTRY ELEMENTS (KOHA) | |
| Source of classification or shelving scheme | Dewey Decimal Classification |
| Item type | English Books |
| Classification part | 005.1 |
| Call number suffix | VAL |
| Withdrawn status | Lost status | Not for loan | Collection code | Home library | Current library | Date acquired | Source of acquisition | Cost, normal purchase price | Full call number | Barcode | Copy number | Cost, replacement price | Koha item type |
|---|---|---|---|---|---|---|---|---|---|---|---|---|---|
| Not For Loan | Non-fiction | D.B.Act.Division | D.B.Act.Division | 12/08/2010 | DBAD/PUB | 80.00 | 005.1 VAL | EN-83568 | 1 | 80.00 | English Books |
